[Event "Quebec op"]
[Site "Montreal CAN"]
[Date "2012.07.26"]
[Round "7"]
[White "O'Neill, Brendon"]
[Black "Fradet, Charles-William"]
[Result "1-0"]
[WhiteElo "1496"]
[BlackElo "1658"]
[PlyCount "69"]
[GameId "2160767909442148"]
[EventDate "2012.07.21"]
[EventType "swiss"]
[EventRounds "9"]
[EventCountry "CAN"]
[SourceTitle "hb 2012"]

1. e4 e6 2. d4 d5 3. e5 c5 4. c3 Nc6 5. Nf3 Qb6 6. Be2 Nh6 7. O-O Bd7 8. Na3 cxd4 9. cxd4 Nf5 10. Nc2 Be7 11. b3 Rc8 12. Bb2 h6 13. Kh1 g5 14. Ng1 Ng7 15. Bh5 O-O 16. f4 Nxe5 17. fxe5 Nf5 18. Rxf5 exf5 19. Ne3 Be6 20. Qd3 Rc7 21. Nxf5 Bxf5 22. Qxf5 Qe6 23. Bg4 Bb4 24. Qxe6 fxe6 25. Bxe6+ Kg7 26. Nf3 Rc2 27. Rb1 Kg6 28. Bxd5 Kg7 29. Be4 Re2 30. Bd3 Re3 31. Rd1 g4 32. Bc1 Rxd3 33. Rxd3 Rc8 34. Bf4 Rc1+ 35. Bxc1 1-0

[Event "Quebec op"]
[Site "Montreal CAN"]
[Date "2012.07.26"]
[Round "7"]
[White "Oliva Castaneda, Kevel"]
[Black "Arencibia Rodriguez, Walter"]
[Result "1-0"]
[WhiteElo "2320"]
[BlackElo "2526"]
[PlyCount "162"]
[GameId "2160767909442149"]
[EventDate "2012.07.21"]
[EventType "swiss"]
[EventRounds "9"]
[EventCountry "CAN"]
[SourceTitle "CBM 149 Extra"]
[Source "ChessBase"]
[SourceDate "2012.08.24"]
[SourceVersion "1"]
[SourceVersionDate "2012.08.24"]
[SourceQuality "1"]

1. Nf3 Nf6 2. c4 e6 3. Nc3 d5 4. d4 Bb4 5. cxd5 exd5 6. Bg5 Nbd7 7. Qc2 O-O 8. e3 c5 9. Bd3 Qa5 10. O-O c4 11. Bf5 Re8 12. a3 Bxc3 13. Qxc3 Qxc3 14. bxc3 Ne4 15. Bxe4 dxe4 16. Nd2 Nb6 17. a4 Bd7 18. a5 Nd5 19. Nxc4 Bb5 20. Nd6 Bxf1 21. Nxe8 Ba6 22. c4 Bxc4 23. Nd6 Bd3 24. Nxb7 Rb8 25. Nc5 h6 26. Bh4 Bb1 27. h3 Rb2 28. Ra3 Bc2 29. Bg3 f5 30. a6 g5 31. Be5 Kf7 32. Nb7 f4 33. exf4 gxf4 34. Ra5 Nc3 35. Rc5 Ne2+ 36. Kh2 Bd3 37. Rc7+ Ke6 38. Nd8+ Kf5 39. Rc6 e3 40. f3 Bc4 41. Rxc4 Ng1 42. Rc1 Nxf3+ 43. Kh1 e2 44. gxf3 Rd2 45. Re1 Rd1 46. Kg2 Rxe1 47. Kf2 Ra1 48. Kxe2 Rxa6 49. Nf7 Ra2+ 50. Kf1 a5 51. Nxh6+ Ke6 52. Bxf4 a4 53. Be5 a3 54. Ng4 Rd2 55. Ke1 Rg2 56. f4 a2 57. d5+ Kf7 58. Ne3 Rg1+ 59. Nf1 Rh1 60. Ke2 Rxh3 61. Ne3 Rh1 62. Nc2 Rb1 63. Kd3 Rd1+ 64. Kc4 Rb1 65. Na1 Rd1 66. Nb3 Ke7 67. d6+ Kd7 68. Kb4 Re1 69. Na1 Re3 70. Nc2 Rh3 71. Kc4 Rh2 72. Kd3 Rg2 73. Na1 Ke6 74. Nb3 Rg3+ 75. Kc4 Kd7 76. Nc5+ Kc6 77. d7 Rg8 78. f5 Rg4+ 79. Kb3 Rg8 80. Kxa2 Rg2+ 81. Kb3 Rd2 1-0

[Event "Quebec op"]
[Site "Montreal CAN"]
[Date "2012.07.26"]
[Round "7"]
[White "Perez Garcia, Rodney Oscar"]
[Black "Smith, Bryan G"]
[Result "1/2-1/2"]
[WhiteElo "2412"]
[BlackElo "2441"]
[PlyCount "119"]
[GameId "2160767909442150"]
[EventDate "2012.07.21"]
[EventType "swiss"]
[EventRounds "9"]
[EventCountry "CAN"]
[SourceTitle "CBM 149 Extra"]
[Source "ChessBase"]
[SourceDate "2012.08.24"]
[SourceVersion "1"]
[SourceVersionDate "2012.08.24"]
[SourceQuality "1"]

1. e4 c5 2. Nf3 g6 3. d4 Bg7 4. Nc3 cxd4 5. Nxd4 Nc6 6. Be3 Nf6 7. Be2 O-O 8. O-O d5 9. exd5 Nxd5 10. Nxd5 Qxd5 11. Bf3 Qc4 12. Nxc6 bxc6 13. c3 Bf5 14. Qb3 Qa6 15. Bc5 Rfe8 16. Rfe1 e5 17. Be2 Qa5 18. Qa3 Qxa3 19. Bxa3 a5 20. Bc4 Red8 21. Rad1 a4 22. f3 Rab8 23. Be7 Rxd1 24. Rxd1 Bf8 25. Rd8 Rxd8 26. Bxd8 Bc5+ 27. Kf1 Kg7 28. g4 Bb1 29. g5 Be3 30. Bf6+ Kf8 31. h4 Bf4 32. Kf2 e4 33. fxe4 Bxe4 34. Be2 Bb1 35. Bd1 Bxa2 36. Bxa4 Bd5 37. b4 h5 38. c4 Bxc4 39. Bxc6 Bd6 40. b5 Bc5+ 41. Kf3 Bb6 42. Kf4 Bf2 43. Kf3 Bxb5 44. Bxb5 Bxh4 45. Ke4 Be1 46. Kd5 Bb4 47. Bc6 Ba3 48. Bd7 Bb4 49. Bb5 Ba3 50. Kc6 Bb4 51. Kd7 Ba3 52. Bc4 Bb4 53. Be5 Bd2 54. Bd6+ Kg7 55. Be7 Bc3 56. Ke8 f6 57. Bf8+ Kh8 58. gxf6 Bxf6 59. Kf7 Ba1 60. Kxg6 1/2-1/2

[Event "Quebec op"]
[Site "Montreal CAN"]
[Date "2012.07.26"]
[Round "7"]
[White "Piasetski, Leon"]
[Black "Noritsyn, Nikolay"]
[Result "0-1"]
[WhiteElo "2290"]
[BlackElo "2460"]
[PlyCount "51"]
[GameId "2160767909442151"]
[EventDate "2012.07.21"]
[EventType "swiss"]
[EventRounds "9"]
[EventCountry "CAN"]
[SourceTitle "CBM 149 Extra"]
[Source "ChessBase"]
[SourceDate "2012.08.24"]
[SourceVersion "1"]
[SourceVersionDate "2012.08.24"]
[SourceQuality "1"]

1. c4 b6 2. d4 Bb7 3. Nc3 e6 4. a3 f5 5. Nf3 Nf6 6. d5 Na6 7. Nd4 Bd6 8. g3 Nc5 9. Bg2 Be5 10. Nb3 Bxc3+ 11. bxc3 Nce4 12. f3 Nd6 13. c5 Nc4 14. e4 fxe4 15. fxe4 exd5 16. exd5 Qe7+ 17. Kf2 O-O 18. Bf4 Ne3 19. Qe1 Bxd5 20. Bxe3 Ng4+ 21. Kg1 Bxg2 22. Bf4 Qxe1+ 23. Rxe1 Bxh1 24. Kxh1 Nf2+ 25. Kg2 Nd3 26. Re4 0-1

[Event "Quebec op"]
[Site "Montreal CAN"]
[Date "2012.07.26"]
[Round "7"]
[White "Qin, Zi Yi (Joey)"]
[Black "Berube, Antoine"]
[Result "1-0"]
[WhiteElo "2198"]
[BlackElo "2152"]
[PlyCount "89"]
[GameId "2160767909442152"]
[EventDate "2012.07.21"]
[EventType "swiss"]
[EventRounds "9"]
[EventCountry "CAN"]

1. e4 c5 2. Nf3 d6 3. d4 cxd4 4. Nxd4 Nf6 5. Nc3 a6 6. Bc4 e6 7. O-O Be7 8. Bb3 O-O 9. f4 Qc7 10. f5 e5 11. Nde2 b5 12. Ng3 Nbd7 13. Bg5 b4 14. Bxf6 Nxf6 15. Nd5 Nxd5 16. Bxd5 Bb7 17. Bxb7 Qxb7 18. Qg4 f6 19. Rad1 Rac8 20. Rd2 Rc4 21. b3 Rc3 22. Rf3 Qb6+ 23. Kf1 Qa5 24. Rxc3 bxc3 25. Rd3 Qxa2 26. Qd1 Qa5 27. Ne2 Rc8 28. Qe1 d5 29. Rxc3 Rd8 30. Rd3 Qxe1+ 31. Kxe1 dxe4 32. Rxd8+ Bxd8 33. Kd2 Bb6 34. Kc3 g6 35. g4 Kg7 36. Ng3 e3 37. Kd3 gxf5 38. gxf5 Kh6 39. Ne4 Bd8 40. Kxe3 Kh5 41. Kf3 Kh4 42. c4 h5 43. c5 Kh3 44. c6 h4 45. Nxf6 1-0

[Event "Quebec op"]
[Site "Montreal CAN"]
[Date "2012.07.26"]
[Round "7"]
[White "Ramaswamy, Kiran"]
[Black "He, Shao Hang"]
[Result "1-0"]
[WhiteElo "2037"]
[BlackElo "1607"]
[PlyCount "69"]
[GameId "2160767909442153"]
[EventDate "2012.07.21"]
[EventType "swiss"]
[EventRounds "9"]
[EventCountry "CAN"]
[SourceTitle "hb 2012"]

1. c4 e6 2. b3 d5 3. Nf3 Nf6 4. e3 c5 5. Bb2 Nc6 6. d4 b6 7. Nc3 Bb7 8. Bd3 Bd6 9. O-O O-O 10. a3 Rc8 11. Rc1 Qe7 12. Nb5 Bb8 13. Qc2 a6 14. Nc3 Rfd8 15. Na4 Ba7 16. cxd5 exd5 17. Bf5 Rc7 18. dxc5 bxc5 19. Nxc5 Na5 20. b4 Bxc5 21. Bxf6 Qxf6 22. bxa5 Bb6 23. Qb1 Rxc1 24. Rxc1 Bxa5 25. Qxb7 Qxf5 26. Qxa6 d4 27. Nxd4 Qd5 28. Qc4 Qd6 29. Nc6 Qd1+ 30. Rxd1 Rxd1+ 31. Qf1 Rxf1+ 32. Kxf1 Bb6 33. a4 Kf8 34. a5 Bc5 35. a6 1-0

[Event "Quebec op"]
[Site "Montreal CAN"]
[Date "2012.07.26"]
[Round "7"]
[White "Robidas, Francois"]
[Black "Sun, Mike"]
[Result "1-0"]
[WhiteElo "1994"]
[BlackElo "1680"]
[PlyCount "77"]
[GameId "2160767909442154"]
[EventDate "2012.07.21"]
[EventType "swiss"]
[EventRounds "9"]
[EventCountry "CAN"]
[SourceTitle "hb 2012"]

1. d4 g6 2. c4 Bg7 3. Nc3 c5 4. e3 cxd4 5. exd4 Nf6 6. Nf3 d5 7. Bg5 Ne4 8. Be3 Qa5 9. Qb3 Nxc3 10. bxc3 e6 11. Be2 O-O 12. O-O Nc6 13. Rfc1 Rd8 14. Rab1 h6 15. Qc2 Qc7 16. Re1 g5 17. cxd5 exd5 18. Bxg5 hxg5 19. Nxg5 f5 20. Bh5 Qf4 21. Bf7+ Kf8 22. Ne6+ Bxe6 23. Bxe6 b6 24. Re3 Ne7 25. Rbe1 Bf6 26. Rf3 Qh6 27. Bxf5 Nxf5 28. Qxf5 Rd6 29. Rh3 Qg7 30. Rh7 Qg8 31. Rh6 Qg7 32. Rh7 Qg8 33. Re3 Re8 34. Rxe8+ Kxe8 35. Rxa7 Bd8 36. Qh5+ Kf8 37. Rh7 Qg6 38. Qxg6 Rxg6 39. Rd7 1-0

[Event "Quebec op"]
[Site "Montreal CAN"]
[Date "2012.07.26"]
[Round "7"]
[White "Sambuev, Bator"]
[Black "Kleinman, Michael"]
[Result "1-0"]
[WhiteElo "2542"]
[BlackElo "2293"]
[PlyCount "55"]
[GameId "2160767909442155"]
[EventDate "2012.07.21"]
[EventType "swiss"]
[EventRounds "9"]
[EventCountry "CAN"]
[SourceTitle "CBM 149 Extra"]
[Source "ChessBase"]
[SourceDate "2012.08.24"]
[SourceVersion "1"]
[SourceVersionDate "2012.08.24"]
[SourceQuality "1"]

1. Nf3 Nf6 2. c4 c5 3. Nc3 Nc6 4. e3 e5 5. Be2 d6 6. O-O g6 7. d4 Bg7 8. dxc5 dxc5 9. Qxd8+ Kxd8 10. Ng5 Ke7 11. Nd5+ Nxd5 12. cxd5 Nd8 13. Ne4 b6 14. Nc3 h5 15. e4 Nb7 16. a4 Nd6 17. Bg5+ Bf6 18. h4 Bxg5 19. hxg5 f5 20. f4 Nf7 21. Bf3 Ba6 22. Rfe1 Kd6 23. exf5 gxf5 24. g6 e4 25. gxf7 exf3 26. Re6+ Kd7 27. Rae1 Rhf8 28. Re7+ 1-0

[Event "Quebec op"]
[Site "Montreal CAN"]
[Date "2012.07.26"]
[Round "7"]
[White "So, Wesley"]
[Black "Bojkov, Dejan"]
[Result "1-0"]
[WhiteElo "2650"]
[BlackElo "2556"]
[PlyCount "93"]
[GameId "2160767909442156"]
[EventDate "2012.07.21"]
[EventType "swiss"]
[EventRounds "9"]
[EventCountry "CAN"]
[SourceTitle "CBM 149 Extra"]
[Source "ChessBase"]
[SourceDate "2012.08.24"]
[SourceVersion "1"]
[SourceVersionDate "2012.08.24"]
[SourceQuality "1"]

1. d4 d5 2. c4 dxc4 3. Nf3 Nf6 4. e3 Be6 5. Be2 c5 6. O-O Nc6 7. dxc5 Qxd1 8. Rxd1 Ne4 9. Nc3 Nxc5 10. Ng5 g6 11. e4 Bg7 12. Be3 Nd3 13. Nxe6 fxe6 14. Bxd3 cxd3 15. Rxd3 Rd8 16. Rxd8+ Kxd8 17. Rc1 Bxc3 18. Rxc3 e5 19. Ra3 Kc7 20. Kf1 Rd8 21. Ke2 Nd4+ 22. Bxd4 Rxd4 23. Rxa7 Rxe4+ 24. Kd2 Rd4+ 25. Ke3 Rd1 26. Ra4 b5 27. Ra7+ Kd6 28. Rb7 Re1+ 29. Kf3 e4+ 30. Kg3 Kc5 31. Rxe7 Re2 32. Re5+ Kc6 33. b4 Rxa2 34. Rxe4 Kd5 35. f3 Rc2 36. Rh4 h5 37. Re4 Rc4 38. Kf4 Rc2 39. Re5+ Kc6 40. Re6+ Kd5 41. Rxg6 Rb2 42. h4 Kc4 43. g4 hxg4 44. fxg4 Rxb4 45. h5 Ra4 46. h6 Kc5+ 47. Kg5 1-0

[Event "Quebec op"]
[Site "Montreal CAN"]
[Date "2012.07.26"]
[Round "7"]
[White "Sumets, Andrey"]
[Black "Bruzon Batista, Lazaro"]
[Result "1/2-1/2"]
[WhiteElo "2618"]
[BlackElo "2711"]
[PlyCount "88"]
[GameId "2160767909442157"]
[EventDate "2012.07.21"]
[EventType "swiss"]
[EventRounds "9"]
[EventCountry "CAN"]
[SourceTitle "CBM 149 Extra"]
[Source "ChessBase"]
[SourceDate "2012.08.24"]
[SourceVersion "1"]
[SourceVersionDate "2012.08.24"]
[SourceQuality "1"]

1. d4 e6 2. c4 Bb4+ 3. Bd2 a5 4. g3 d6 5. Bg2 e5 6. e3 Ne7 7. Ne2 exd4 8. Nxd4 O-O 9. O-O Nbc6 10. Nxc6 bxc6 11. Nc3 Be6 12. b3 Qd7 13. Na4 Bxd2 14. Qxd2 Bh3 15. Rad1 Bxg2 16. Kxg2 Qe6 17. Rfe1 f5 18. f4 Kh8 19. Nc3 d5 20. Qd4 Rfd8 21. Qc5 h6 22. Rd4 Rd6 23. Kf2 Qf7 24. Kg2 Qe8 25. Re2 Ng8 26. cxd5 Nf6 27. e4 fxe4 28. Nxe4 cxd5 29. Nc3 Qd7 30. Rdd2 a4 31. bxa4 c6 32. a5 Qd8 33. Ne4 Nxe4 34. Rxe4 Rxa5 35. Re8+ Qxe8 36. Qxd6 Qa8 37. Kh3 Qc8+ 38. Kg2 Qe8 39. Kf2 Ra8 40. Re2 Qh5 41. Qxc6 Qxh2+ 42. Kf1 Qh3+ 43. Kf2 Qh2+ 44. Kf1 Qh3+ 1/2-1/2

[Event "Quebec op"]
[Site "Montreal CAN"]
[Date "2012.07.26"]
[Round "7"]
[White "Tessier, Olivier"]
[Black "Goldner, John"]
[Result "1-0"]
[WhiteElo "2194"]
[BlackElo "1667"]
[PlyCount "73"]
[GameId "2160767909442158"]
[EventDate "2012.07.21"]
[EventType "swiss"]
[EventRounds "9"]
[EventCountry "CAN"]
[SourceTitle "EXT 2022"]
[Source "ChessBase"]
[SourceDate "2021.10.06"]
[SourceVersion "1"]
[SourceVersionDate "2021.10.06"]
[SourceQuality "1"]

1. d4 Nf6 2. c4 c5 3. d5 b5 4. cxb5 a6 5. Nc3 d6 6. e4 g6 7. f4 Bg7 8. Nf3 Bb7 9. a4 O-O 10. bxa6 Nxa6 11. Bc4 Nb4 12. O-O Nd7 13. Bd2 Nb6 14. Bb5 Ra5 15. Qb3 Qa8 16. Ra3 Qa7 17. Kh1 Ra8 18. Rfa1 Bc8 19. Na2 Nxa4 20. Nxb4 cxb4 21. Rxa4 Qb6 22. Rxa5 Rxa5 23. Rxa5 Qxa5 24. Qa4 Qxa4 25. Bxa4 Bxb2 26. Bxb4 Ba6 27. e5 dxe5 28. fxe5 Bb7 29. Bc6 Bc8 30. Bxe7 g5 31. Bxg5 Kf8 32. d6 Bc3 33. d7 Bxd7 34. Bxd7 Kg7 35. Bf6+ Kg6 36. g4 h6 37. Bf5# 1-0

[Event "Quebec op"]
[Site "Montreal CAN"]
[Date "2012.07.26"]
[Round "7"]
[White "Thavandiran, Shiyam"]
[Black "Masse, Hugues"]
[Result "1-0"]
[WhiteElo "2301"]
[BlackElo "2232"]
[PlyCount "67"]
[GameId "2160767909442159"]
[EventDate "2012.07.21"]
[EventType "swiss"]
[EventRounds "9"]
[EventCountry "CAN"]
[SourceTitle "CBM 149 Extra"]
[Source "ChessBase"]
[SourceDate "2012.08.24"]
[SourceVersion "1"]
[SourceVersionDate "2012.08.24"]
[SourceQuality "1"]

1. c4 Nf6 2. Nc3 d5 3. cxd5 Nxd5 4. g3 e5 5. Bg2 Nb6 6. Nf3 Nc6 7. O-O Be7 8. a3 O-O 9. d3 Be6 10. Qc2 Nd4 11. Nxd4 exd4 12. Ne4 Bd5 13. Bh3 Bc6 14. b3 Kh8 15. Bg2 f5 16. Nd2 Bxg2 17. Kxg2 c5 18. Bb2 Qd5+ 19. Kg1 Bd6 20. e4 dxe3 21. fxe3 Rae8 22. e4 Qc6 23. Rae1 Nd7 24. Nf3 fxe4 25. dxe4 h6 26. Rd1 Bc7 27. Rd5 Nf6 28. Ne5 Bxe5 29. Rxe5 Rxe5 30. Bxe5 Re8 31. Bxf6 gxf6 32. e5 fxe5 33. Rf7 e4 34. Qc3+ 1-0

[Event "Quebec op"]
[Site "Montreal CAN"]
[Date "2012.07.26"]
[Round "7"]
[White "Tomb, Maroun"]
[Black "Enkh-Amar, Galbadrakh"]
[Result "1-0"]
[WhiteElo "2087"]
[BlackElo "2105"]
[PlyCount "37"]
[GameId "2160767909442160"]
[EventDate "2012.07.21"]
[EventType "swiss"]
[EventRounds "9"]
[EventCountry "CAN"]
[SourceTitle "EXT 2022"]
[Source "ChessBase"]
[SourceDate "2021.10.06"]
[SourceVersion "1"]
[SourceVersionDate "2021.10.06"]
[SourceQuality "1"]

1. e4 c5 2. Nf3 d6 3. d4 cxd4 4. Nxd4 Nf6 5. Nc3 a6 6. Bg5 e6 7. f4 Be7 8. Qf3 Qc7 9. O-O-O Nbd7 10. g4 b5 11. Bxf6 Nxf6 12. g5 Nd7 13. Qh3 b4 14. g6 bxc3 15. gxf7+ Kxf7 16. Qxe6+ Kf8 17. Bc4 Ne5 18. fxe5 Bg5+ 19. Kb1 1-0

[Event "Quebec op"]
[Site "Montreal CAN"]
[Date "2012.07.26"]
[Round "7"]
[White "Trahan, Daniel"]
[Black "Hebert, Jean"]
[Result "0-1"]
[WhiteElo "2095"]
[BlackElo "2436"]
[PlyCount "56"]
[GameId "2160767909442161"]
[EventDate "2012.07.21"]
[EventType "swiss"]
[EventRounds "9"]
[EventCountry "CAN"]
[SourceTitle "hb 2012"]

1. d4 Nf6 2. c4 e6 3. Nc3 Bb4 4. Qc2 c5 5. dxc5 O-O 6. a3 Bxc5 7. Bg5 h6 8. Bh4 b6 9. b4 Be7 10. f3 a5 11. b5 d5 12. e3 Bb7 13. Nh3 Nbd7 14. cxd5 Nxd5 15. Bxe7 Qxe7 16. Nxd5 exd5 17. Qd2 Nc5 18. Rb1 Rfe8 19. Kf2 Ne6 20. Rb3 Rac8 21. Nf4 Nxf4 22. exf4 Qc5+ 23. Kg3 Qc1 24. Rb2 Re1 25. Kf2 Qxd2+ 26. Rxd2 Ra1 27. Rd3 Ra2+ 28. Ke3 Re8+ 0-1

[Event "Quebec op"]
[Site "Montreal CAN"]
[Date "2012.07.26"]
[Round "7"]
[White "Voskanyan, Vahagn"]
[Black "Calugar, Arthur"]
[Result "1-0"]
[WhiteElo "2240"]
[BlackElo "2273"]
[PlyCount "159"]
[GameId "2160767909442162"]
[EventDate "2012.07.21"]
[EventType "swiss"]
[EventRounds "9"]
[EventCountry "CAN"]
[SourceTitle "CBM 149 Extra"]
[Source "ChessBase"]
[SourceDate "2012.08.24"]
[SourceVersion "1"]
[SourceVersionDate "2012.08.24"]
[SourceQuality "1"]

1. Nf3 Nf6 2. c4 g6 3. g3 Bg7 4. Bg2 O-O 5. d4 c6 6. Nc3 d6 7. h3 Qb6 8. O-O Qa6 9. b3 b5 10. cxb5 cxb5 11. Bd2 b4 12. Na4 Nc6 13. Rc1 Bd7 14. Re1 Rab8 15. e4 Na5 16. Bg5 Bxa4 17. bxa4 Rfc8 18. Bf1 Qb7 19. Qd3 Rxc1 20. Bxc1 d5 21. Nd2 dxe4 22. Nxe4 Nxe4 23. Rxe4 e6 24. Bg2 Qc6 25. Bf4 Rd8 26. Kh2 Qc4 27. Qxc4 Nxc4 28. d5 exd5 29. Re7 Bd4 30. Bc7 Rf8 31. Bxd5 Nb6 32. Bb3 Bc5 33. Re2 Rc8 34. Bf4 Bf8 35. a5 Nc4 36. Rc2 Nd6 37. Rd2 Rc6 38. Rd4 Be7 39. Rxb4 Rc5 40. Bh6 Rb5 41. Rxb5 Nxb5 42. Be3 a6 43. Bc4 Nc7 44. Bb6 Bd6 45. Kg2 Kf8 46. Kf3 Ke7 47. Ke3 f6 48. Kd4 Kd7 49. Bg8 h6 50. Bf7 Ne6+ 51. Kc4 g5 52. Bg6 Nc7 53. Bf5+ Kc6 54. Bc8 Ba3 55. Kd3 Nd5 56. Bd8 Bc5 57. f3 h5 58. Ke4 Ne7 59. Bxa6 Bd6 60. g4 hxg4 61. hxg4 Bc5 62. Bc4 Kd7 63. Bb6 Bxb6 64. axb6 Kc6 65. Bd3 Kxb6 66. Kd4 Kc6 67. Be4+ Kb5 68. a4+ Kxa4 69. Kc5 Nc8 70. Kd5 Kb4 71. Ke6 Kc5 72. Kxf6 Kd6 73. Kxg5 Ke7 74. f4 Nd6 75. Bd5 Ne8 76. Kg6 Nf6 77. Bf3 Nd7 78. Kg7 Nc5 79. f5 Nd7 80. g5 1-0

[Event "Quebec op"]
[Site "Montreal CAN"]
[Date "2012.07.26"]
[Round "7"]
[White "Ye, Stephen"]
[Black "Zhu, Hong Rui"]
[Result "1-0"]
[WhiteElo "1913"]
[BlackElo "2084"]
[PlyCount "71"]
[GameId "2160767909442164"]
[EventDate "2012.07.21"]
[EventType "swiss"]
[EventRounds "9"]
[EventCountry "CAN"]
[SourceTitle "hb 2012"]

1. e4 c5 2. Nf3 d6 3. d4 cxd4 4. Nxd4 Nf6 5. Nc3 g6 6. Be3 Bg7 7. f3 Nc6 8. Qd2 O-O 9. O-O-O d5 10. Kb1 Nxd4 11. e5 Nd7 12. Bxd4 Nxe5 13. Qe3 Nc6 14. Bxg7 Kxg7 15. Nxd5 Be6 16. Qc3+ f6 17. Bc4 Bxd5 18. Bxd5 Qc7 19. h4 Rad8 20. h5 Qe5 21. Qxe5 Nxe5 22. hxg6 hxg6 23. Bxb7 Nc4 24. Ba6 Nd6 25. c4 Nf5 26. c5 Ne3 27. Rxd8 Rxd8 28. c6 Nd5 29. Rd1 Rd6 30. Rxd5 Rxc6 31. Bb5 Re6 32. Kc2 f5 33. Bd3 Re3 34. Kd2 f4 35. Rd4 g5 36. Re4 1-0

[Event "Quebec op"]
[Site "Montreal CAN"]
[Date "2012.07.26"]
[Round "7"]
[White "Yu, Zong Yang"]
[Black "Gelet, Seymour"]
[Result "1/2-1/2"]
[WhiteElo "1943"]
[BlackElo "2009"]
[PlyCount "76"]
[GameId "2160767909442165"]
[EventDate "2012.07.21"]
[EventType "swiss"]
[EventRounds "9"]
[EventCountry "CAN"]
[SourceTitle "hb 2012"]

1. d4 d5 2. c4 e6 3. Nc3 Nf6 4. Bg5 Be7 5. e3 O-O 6. cxd5 exd5 7. Bd3 Re8 8. Qc2 Nbd7 9. Nf3 c6 10. O-O Nf8 11. h3 g6 12. Ne5 Ne6 13. Bh4 Ng7 14. g4 Nd7 15. Bg3 Nxe5 16. dxe5 Bh4 17. Bh2 Bd7 18. e4 d4 19. Ne2 Qb6 20. f4 Rac8 21. f5 c5 22. b3 Rf8 23. Nf4 Bc6 24. f6 Ne6 25. Nd5 Qa5 26. Ne7+ Kh8 27. Nxc8 Rxc8 28. Bc4 Bd7 29. a4 Bg5 30. Rae1 a6 31. Bd5 b5 32. axb5 Bxb5 33. Bxe6 Bxf1 34. Rxf1 fxe6 35. Qc4 Qb6 36. Ra1 Rc6 37. Kf1 Kg8 38. Ra4 Bd2 1/2-1/2

[Event "Quebec op"]
[Site "Montreal CAN"]
[Date "2012.07.26"]
[Round "7"]
[White "Yun, Chang"]
[Black "Plante, Michel"]
[Result "1/2-1/2"]
[WhiteElo "1988"]
[BlackElo "2084"]
[PlyCount "66"]
[GameId "2160767909442166"]
[EventDate "2012.07.21"]
[EventType "swiss"]
[EventRounds "9"]
[EventCountry "CAN"]
[SourceTitle "hb 2012"]

1. e4 d6 2. d4 Nf6 3. Nc3 Nbd7 4. Be3 e5 5. Nf3 Be7 6. h3 c6 7. Bc4 b5 8. Bd3 O-O 9. O-O a6 10. Ne2 Qc7 11. c3 d5 12. dxe5 dxe4 13. exf6 Nxf6 14. Bf4 Qb6 15. Be3 c5 16. Bxe4 Nxe4 17. Qc2 Bf5 18. Qc1 h6 19. Nd2 Ng5 20. Ng3 Bd3 21. Re1 Qc7 22. Ndf1 Rfe8 23. Nh2 Bd6 24. Bxg5 Bxg3 25. Rxe8+ Rxe8 26. fxg3 hxg5 27. Qxg5 c4 28. Ng4 Qb6+ 29. Kh2 Qe6 30. Re1 Qxe1 31. Nf6+ Kf8 32. Nd7+ Kg8 33. Nf6+ Kf8 1/2-1/2

[Event "Quebec op"]
[Site "Montreal CAN"]
[Date "2012.07.27"]
[Round "8"]
[White "Arsenault, Nicolas"]
[Black "Xu, Haizhou"]
[Result "0-1"]
[WhiteElo "2106"]
[BlackElo "2126"]
[PlyCount "104"]
[GameId "2160767909442167"]
[EventDate "2012.07.21"]
[EventType "swiss"]
[EventRounds "9"]
[EventCountry "CAN"]
[SourceTitle "hb 2012"]

1. c4 Nf6 2. g3 g6 3. Bg2 Bg7 4. Nc3 O-O 5. d3 d6 6. Bg5 h6 7. Bd2 Nc6 8. Rb1 a5 9. a3 e5 10. b4 axb4 11. axb4 Nd4 12. e3 Ne6 13. Nge2 c6 14. e4 Nd4 15. Nxd4 exd4 16. Ne2 Qb6 17. O-O Ng4 18. h3 Ne5 19. Rb3 f5 20. Kh2 fxe4 21. Bxe4 Bf5 22. Bxf5 Nf3+ 23. Kg2 Rxf5 24. Bf4 c5 25. b5 Ne5 26. g4 Rf7 27. Bxe5 Bxe5 28. Qd2 Kh7 29. f4 Raf8 30. Rbb1 Bg7 31. Ng3 d5 32. Rbe1 Qf6 33. f5 dxc4 34. dxc4 gxf5 35. Nxf5 Qg6 36. Nh4 Qg5 37. Qd3+ Kg8 38. Rxf7 Rxf7 39. Re8+ Bf8 40. Nf5 h5 41. Kg3 hxg4 42. hxg4 Qc1 43. Kg2 Rh7 44. Ng3 Qf4 45. Re4 Qg5 46. Nf5 Qc1 47. Ng3 Qc3 48. Qf1 Qc2+ 49. Re2 Qxc4 50. Qf5 Rf7 51. Qg6+ Rg7 52. Qf5 Qf7 0-1

[Event "Quebec op"]
[Site "Montreal CAN"]
[Date "2012.07.27"]
[Round "8"]
[White "Berube, Antoine"]
[Black "Masse, Hugues"]
[Result "1-0"]
[WhiteElo "2152"]
[BlackElo "2232"]
[PlyCount "122"]
[GameId "2160767909442168"]
[EventDate "2012.07.21"]
[EventType "swiss"]
[EventRounds "9"]
[EventCountry "CAN"]
[SourceTitle "CBM 149 Extra"]
[Source "ChessBase"]
[SourceDate "2012.08.24"]
[SourceVersion "1"]
[SourceVersionDate "2012.08.24"]
[SourceQuality "1"]

1. d4 Nf6 2. c4 g6 3. Nc3 d5 4. cxd5 Nxd5 5. Bd2 Nb6 6. Bg5 Bg7 7. e3 c5 8. dxc5 Bxc3+ 9. bxc3 Qxd1+ 10. Rxd1 N6d7 11. e4 Nxc5 12. f3 Be6 13. Rd2 Nbd7 14. Be3 Rc8 15. Ne2 Bc4 16. Nf4 Nb6 17. Nd5 Nxd5 18. exd5 Bxf1 19. Rxf1 O-O 20. Kf2 b6 21. Re1 Na4 22. Bd4 Rfe8 23. Rde2 Kf8 24. d6 exd6 25. Rxe8+ Rxe8 26. Bg7+ Kxg7 27. Rxe8 Nxc3 28. a3 Nb5 29. Re3 Kf6 30. g4 d5 31. f4 h6 32. Rb3 Nd6 33. Kf3 Nc4 34. Rd3 Ke6 35. h4 Kd6 36. a4 Nb2 37. Ra3 Nc4 38. Ra2 a6 39. h5 gxh5 40. gxh5 Ke6 41. Re2+ Kf5 42. Re7 Kf6 43. Ra7 a5 44. Rc7 Nb2 45. Rc6+ Kg7 46. Rxb6 Nxa4 47. Rb5 Nc3 48. Rxa5 d4 49. Rc5 Kf6 50. Rc6+ Kg7 51. Rd6 Nb5 52. Rd5 Nc7 53. Rxd4 Kf6 54. Kg4 Ne6 55. Rd5 Ke7 56. Ra5 Ng7 57. Ra7+ Kf8 58. Ra6 Ne6 59. f5 Nd4 60. Rxh6 Kg7 61. Rd6 Nc2 1-0

[Event "Quebec op"]
[Site "Montreal CAN"]
[Date "2012.07.27"]
[Round "8"]
[White "Bojkov, Dejan"]
[Black "Perez Garcia, Rodney Oscar"]
[Result "1/2-1/2"]
[WhiteElo "2556"]
[BlackElo "2412"]
[PlyCount "73"]
[GameId "2160767909442169"]
[EventDate "2012.07.21"]
[EventType "swiss"]
[EventRounds "9"]
[EventCountry "CAN"]
[SourceTitle "CBM 149 Extra"]
[Source "ChessBase"]
[SourceDate "2012.08.24"]
[SourceVersion "1"]
[SourceVersionDate "2012.08.24"]
[SourceQuality "1"]

1. e4 e5 2. Bc4 Nf6 3. d3 c6 4. Nf3 d5 5. Bb3 Bd6 6. Nc3 dxe4 7. Ng5 O-O 8. Ngxe4 Nxe4 9. Nxe4 Bf5 10. Qf3 Bxe4 11. dxe4 Nd7 12. c3 Nc5 13. Bc2 a5 14. O-O a4 15. Be3 Qe7 16. Rad1 Rfd8 17. Rd2 b5 18. Rfd1 Ne6 19. b3 axb3 20. Bxb3 Bc7 21. c4 Rxd2 22. Rxd2 Rd8 23. Rxd8+ Qxd8 24. cxb5 cxb5 25. g3 Bb6 26. Bxb6 Qxb6 27. Qf5 Qd6 28. h4 h6 29. Bd5 b4 30. Bb3 Kf8 31. Bd5 Ke7 32. Qh7 Nc7 33. Bb3 Ne6 34. Kg2 Qd4 35. Qf5 g6 36. Qf3 h5 37. Bxe6 1/2-1/2